[Event "SR 2. liga A 2010/2011"]
[Site "?"]
[Date "2011.01.08"]
[Round "27.2"]
[White "Janos, Martin"]
[Black "Petrik, Stanislav"]
[Result "1-0"]
[WhiteElo "2250"]
[BlackElo "2187"]
[PlyCount "97"]
[EventDate "2010.??.??"]
[WhiteTeam "Slovakia"]
[BlackTeam "Slovakia"]
[WhiteTeamCountry "SVK"]
[BlackTeamCountry "SVK"]

1. e4 c5 2. Nc3 g6 3. f4 Bg7 4. Nf3 e6 5. Be2 Ne7 6. O-O d5 7. e5 a6 8. Qe1 b5
9. Qf2 Qc7 10. d4 cxd4 11. Nxd4 Nbc6 12. Be3 Bd7 13. Bf3 Rc8 14. Ndxb5 axb5 15.
Nxb5 Qb8 16. Nd6+ Kf8 17. Nxc8 Bxc8 18. c3 f5 19. b4 g5 20. g3 g4 21. Be2 Kf7
22. Bc5 Bb7 23. Rfb1 Rd8 24. a4 d4 25. cxd4 Qc7 26. Rc1 Qd7 27. Bb5 Bf8 28. a5
Nd5 29. Rab1 {0} Rc8 30. a6 Ba8 31. Ba4 Rb8 32. b5 Na7 33. Bxf8 Kxf8 34. Qc2
Nb6 35. Qc5+ Ke8 36. Bb3 Be4 37. Ra1 Nxb5 38. a7 Nxa7 39. Bxe6 Qxe6 40. Rxa7
Nd7 41. Qc3 Ba8 42. Qc7 Bf3 43. Qa5 Qb3 44. Qc3 Qb6 45. Rc7 Bb7 46. Qc4 Qb2 47.
Qg8+ Ke7 48. Qg7+ Ke6 49. Qxd7# 1-0

[Event "SR 2. liga A 2010/2011"]
[Site "?"]
[Date "2011.01.08"]
[Round "27.3"]
[White "Petrik, Karol"]
[Black "Janos, Jozef"]
[Result "0-1"]
[WhiteElo "2075"]
[BlackElo "2196"]
[PlyCount "102"]
[EventDate "2010.??.??"]
[WhiteTeam "Slovakia"]
[BlackTeam "Slovakia"]
[WhiteTeamCountry "SVK"]
[BlackTeamCountry "SVK"]

1. Nf3 Nf6 2. c4 d6 3. g3 e5 4. Bg2 Be7 5. O-O O-O 6. Nc3 h6 7. d4 Nbd7 8. b3
Re8 9. Bb2 Bf8 10. dxe5 dxe5 11. Nd2 c6 12. Qc2 Qc7 13. Rfd1 Nc5 14. Rac1 Bg4
15. h3 Bh5 16. Qb1 Bg6 17. Qa1 e4 18. Nf1 a5 19. Ne3 a4 20. bxa4 Ncd7 21. Rc2
Bc5 22. Bc1 Ne5 23. Rb2 Bxe3 24. Bxe3 Nxc4 25. Bf4 Qe7 26. Rb3 e3 27. fxe3 Bc2
28. Rd4 Bxb3 29. axb3 Nxe3 30. Qc1 Nf5 31. Rc4 Rad8 32. Kh2 Nd4 33. b4 Qe6 34.
Rc5 Nb3 35. Qa3 Nxc5 36. bxc5 g5 37. Bd6 Qe3 38. Qb4 Qd2 39. Qc4 Rxd6 40. cxd6
Qxd6 41. Bf3 Re3 42. Kg2 Re5 43. Qb3 Re7 44. Qb6 Qe5 45. Qb4 Rd7 46. Qb3 h5 47.
g4 h4 48. Kf1 Qg3 49. Bg2 Rd4 50. Qb2 Rf4+ 51. Kg1 Rf2 0-1

[Event "SR 2. liga A 2010/2011"]
[Site "?"]
[Date "2011.01.08"]
[Round "27.4"]
[White "Novak, Ivan"]
[Black "Krajnak, Robert"]
[Result "1-0"]
[WhiteElo "2233"]
[BlackElo "2083"]
[PlyCount "65"]
[EventDate "2010.??.??"]
[WhiteTeam "Slovakia"]
[BlackTeam "Slovakia"]
[WhiteTeamCountry "SVK"]
[BlackTeamCountry "SVK"]

1. e4 c5 2. c3 d6 3. d4 Nd7 4. Nf3 g6 5. Bd3 Bg7 6. h3 Qc7 7. O-O Ngf6 8. Re1
e5 9. dxe5 dxe5 10. a4 O-O 11. Na3 b6 12. Nb5 Qb8 13. Bc4 Ne8 14. Bg5 a6 15.
Na3 Bf6 16. Bd5 Ra7 17. Nc4 Kg7 18. Bd2 Nd6 19. Qc1 Re8 20. Bh6+ Kg8 21. Ne3
Nf8 22. Ng4 Bxg4 23. hxg4 Ne6 24. g3 c4 25. Qe3 Qc7 26. Kg2 Qc5 27. Bxe6 Rxe6
28. a5 Nb7 29. Red1 b5 30. Rd7 Be7 31. Rad1 Bf8 32. Qxc5 Nxc5 33. Rd8 1-0

[Event "SR 2. liga A 2010/2011"]
[Site "?"]
[Date "2011.01.08"]
[Round "27.6"]
[White "Duben, Igor"]
[Black "Goga, Frantisek"]
[Result "0-1"]
[WhiteElo "2182"]
[BlackElo "1912"]
[PlyCount "64"]
[EventDate "2010.??.??"]
[WhiteTeam "Slovakia"]
[BlackTeam "Slovakia"]
[WhiteTeamCountry "SVK"]
[BlackTeamCountry "SVK"]

1. Nf3 Nf6 2. g3 g6 3. d4 Bg7 4. Bg2 O-O 5. O-O d6 6. c4 Nc6 7. Nc3 e5 8. e3 a6
9. b3 Rb8 10. Bb2 exd4 11. Nxd4 Nxd4 12. Qxd4 c6 13. Rad1 Ne8 14. Qd3 Qa5 15.
Rd2 Bf5 16. e4 Be6 17. Rfd1 f5 18. Ne2 Bxb2 19. Rxb2 Qe5 20. Rbd2 fxe4 21. Bxe4
Nf6 22. Bg2 d5 23. cxd5 Nxd5 24. Nd4 Bf7 25. Re2 Qf6 26. Red2 Rfe8 27. Qc2 Re7
28. Re2 Rxe2 29. Qxe2 Nc3 30. Qd3 Nxd1 31. Qxd1 Rd8 32. Qf3 Qxd4 0-1

[Event "SR 2. liga A 2010/2011"]
[Site "?"]
[Date "2011.01.08"]
[Round "27.7"]
[White "Raczko, Peter"]
[Black "Hajek, Lukas"]
[Result "1/2-1/2"]
[WhiteElo "1917"]
[BlackElo "1915"]
[PlyCount "111"]
[EventDate "2010.??.??"]
[WhiteTeam "Slovakia"]
[BlackTeam "Slovakia"]
[WhiteTeamCountry "SVK"]
[BlackTeamCountry "SVK"]

1. e4 e6 2. d4 d5 3. e5 c5 4. c3 Nc6 5. Nf3 Bd7 6. a3 f6 7. exf6 Nxf6 8. b4
cxd4 9. cxd4 Bd6 10. Be2 O-O 11. O-O Ne4 12. Bb2 Be8 13. Nbd2 Nxd2 14. Qxd2 Bf4
15. Qd1 Bh5 16. Ne5 Nxe5 17. dxe5 Bg6 18. g3 Bg5 19. Bd4 a5 20. Bc5 Be7 21. Qd4
Bxc5 22. bxc5 Qc7 23. Rac1 Bf5 24. Rc3 Bh3 25. Rfc1 Bf5 26. c6 Rfc8 27. f4 bxc6
28. Rxc6 Qxc6 29. Rxc6 Rxc6 30. g4 Be4 31. f5 exf5 32. gxf5 Rf8 33. Bg4 Rc4 34.
Qb6 Rc1+ 35. Kf2 Bxf5 36. Bxf5 Rxf5+ 37. Ke3 Re1+ 38. Kd4 Rfxe5 39. Qd8+ Kf7
40. Qc7+ Kf8 41. Qxa5 R1e4+ 42. Kd3 Re3+ 43. Kd2 Re2+ 44. Kd1 Re1+ 45. Qxe1
Rxe1+ 46. Kxe1 Ke7 47. Kd2 Kd6 48. Kd3 Kc5 49. a4 g5 50. a5 h5 51. a6 Kb6 52.
Kd4 g4 53. Kxd5 h4 54. Ke4 g3 55. hxg3 hxg3 56. Kf3 1/2-1/2

[Event "SR 2. liga A 2010/2011"]
[Site "?"]
[Date "2011.01.08"]
[Round "27.8"]
[White "Machalec, Vladimir"]
[Black "Jelenciak, Jozef"]
[Result "1-0"]
[WhiteElo "1950"]
[BlackElo "1934"]
[PlyCount "93"]
[EventDate "2010.??.??"]
[WhiteTeam "Slovakia"]
[BlackTeam "Slovakia"]
[WhiteTeamCountry "SVK"]
[BlackTeamCountry "SVK"]

1. c4 f5 2. Nf3 Nf6 3. g3 e6 4. Bg2 d5 5. cxd5 exd5 6. d4 Bd6 7. O-O O-O 8. Nc3
c6 9. Bg5 Be6 10. Qb3 Qb6 11. Qxb6 axb6 12. Bxf6 Rxf6 13. Ng5 h6 14. Nxe6 Rxe6
15. Nxd5 Rxe2 16. Nxb6 Ra6 17. Nc4 Bf8 18. Rfc1 b5 19. Bf1 Re4 20. Ne3 Rxd4 21.
Nxf5 Rd2 22. Rd1 Rxa2 23. Rxd2 Rxa1 24. Rd8 Na6 25. Ra8 Ra4 26. Ne7+ Kf7 27.
Nxc6 Nc5 28. Ne5+ Kf6 29. Rxf8+ Kxe5 30. Bxb5 Rb4 31. Bc6 Rxb2 32. Rf7 Rb6 33.
Bf3 g5 34. Bg4 Rf6 35. Re7+ Kd6 36. Re8 Nb7 37. Kg2 Nc5 38. f3 Nb7 39. Kf2 Nc5
40. Ke3 Nb7 41. Kd4 Na5 42. Rd8+ Ke7 43. Rd7+ Kf8 44. Ke5 Rb6 45. Be6 Nc6+ 46.
Kf6 Ra6 47. Rh7 1-0

[Event "SR 2. liga A 2010/2011"]
[Site "?"]
[Date "2011.01.08"]
[Round "28.2"]
[White "Tepper, Frantisek"]
[Black "Kovac, Andrej"]
[Result "1/2-1/2"]
[WhiteElo "2162"]
[BlackElo "2132"]
[PlyCount "22"]
[EventDate "2010.??.??"]
[WhiteTeam "Slovakia"]
[BlackTeam "Slovakia"]
[WhiteTeamCountry "SVK"]
[BlackTeamCountry "SVK"]

1. e4 e6 2. d4 d5 3. exd5 exd5 4. Nf3 Nf6 5. Bd3 Bd6 6. Qe2+ Qe7 7. Qxe7+ Kxe7
8. O-O Re8 9. Re1+ Kf8 10. Rxe8+ Kxe8 11. h3 Nbd7 1/2-1/2

[Event "SR 2. liga A 2010/2011"]
[Site "?"]
[Date "2011.01.08"]
[Round "28.5"]
[White "Sebo, Viktor"]
[Black "Kolman, Richard"]
[Result "1/2-1/2"]
[WhiteElo "1903"]
[BlackElo "2107"]
[PlyCount "36"]
[EventDate "2010.??.??"]
[WhiteTeam "Slovakia"]
[BlackTeam "Slovakia"]
[WhiteTeamCountry "SVK"]
[BlackTeamCountry "SVK"]

1. e4 Nf6 2. e5 Nd5 3. d4 d6 4. c4 Nb6 5. f4 dxe5 6. fxe5 Nc6 7. Be3 Bf5 8. Nf3
e6 9. Be2 Be7 10. O-O O-O 11. Nc3 Nb4 12. Rc1 c5 13. a3 cxd4 14. Nxd4 Nc6 15.
Nxf5 exf5 16. Rxf5 Qxd1+ 17. Rxd1 g6 18. Rff1 Nxe5 1/2-1/2

[Event "SR 2. liga A 2010/2011"]
[Site "?"]
[Date "2011.01.08"]
[Round "28.6"]
[White "Milanov, Jasen"]
[Black "Chovanec, Vladimir"]
[Result "1/2-1/2"]
[WhiteElo "1955"]
[BlackElo "2082"]
[PlyCount "25"]
[EventDate "2010.??.??"]
[WhiteTeam "Slovakia"]
[BlackTeam "Slovakia"]
[WhiteTeamCountry "SVK"]
[BlackTeamCountry "SVK"]

1. c4 e5 2. Nc3 Nf6 3. e4 Nc6 4. g3 g6 5. Bg2 Bg7 6. Nge2 O-O 7. O-O d6 8. d3
a6 9. h3 Re8 10. Be3 Bd7 11. Qd2 Qc8 12. Kh2 Rb8 13. f4 1/2-1/2

[Event "SR 2. liga A 2010/2011"]
[Site "?"]
[Date "2011.01.08"]
[Round "29.1"]
[White "Rachela, Milan"]
[Black "Pagerka, Martin"]
[Result "1-0"]
[WhiteElo "2395"]
[BlackElo "2263"]
[PlyCount "69"]
[EventDate "2010.??.??"]
[WhiteTeam "Slovakia"]
[BlackTeam "Slovakia"]
[WhiteTeamCountry "SVK"]
[BlackTeamCountry "SVK"]

1. Nf3 Nf6 2. c4 c5 3. g3 b6 4. Bg2 Bb7 5. O-O e6 6. Nc3 Be7 7. Re1 Ne4 8. Qc2
Nxc3 9. dxc3 d6 10. Be3 Nd7 11. Rad1 Qc7 12. Bc1 O-O 13. e4 Bc6 14. Nd2 a6 15.
f4 e5 16. Nf1 Rfe8 17. Ne3 b5 18. Nd5 Bxd5 19. cxd5 Bf6 20. f5 c4 21. Qf2 Rec8
22. h4 Qd8 23. Kh2 Rab8 24. Kh3 Nc5 25. Bf1 b4 26. cxb4 Rxb4 27. a3 Ra4 28. Qc2
Qd7 29. Kh2 Nb3 30. Qf2 Bd8 31. f6 Rb8 32. Bh3 Qe8 33. fxg7 Bb6 34. Qf6 Rb7 35.
Bf5 1-0

[Event "SR 2. liga A 2010/2011"]
[Site "?"]
[Date "2011.01.08"]
[Round "29.2"]
[White "Cajka, Tibor"]
[Black "Petenyi, Tamas"]
[Result "0-1"]
[WhiteElo "2111"]
[BlackElo "2378"]
[PlyCount "130"]
[EventDate "2010.??.??"]
[WhiteTeam "Slovakia"]
[BlackTeam "Slovakia"]
[WhiteTeamCountry "SVK"]
[BlackTeamCountry "SVK"]

1. d4 d5 2. Nf3 Nf6 3. c4 dxc4 4. Nc3 a6 5. a4 Bg4 6. e3 e6 7. Bxc4 Nc6 8. O-O
Bd6 9. h3 Bh5 10. Be2 O-O 11. e4 Bxf3 12. Bxf3 Nxd4 13. e5 Nxf3+ 14. Qxf3 Bxe5
15. Qxb7 Qb8 16. Qf3 Bxc3 17. Qxc3 Nd5 18. Qg3 c5 19. Qg4 Qb4 20. Qg3 Rfd8 21.
Ra3 c4 22. Qg4 Ne7 23. Rg3 Nf5 24. Rc3 Rac8 25. Bg5 Rd4 26. Qe2 h6 27. g4 hxg5
28. gxf5 exf5 29. Qc2 g6 30. Rc1 g4 31. b3 gxh3 32. Rxh3 c3 33. Qe2 Qb7 34.
Rcxc3 Rg4+ 35. Kf1 Qg2+ 36. Ke1 Qg1+ 37. Kd2 Rd4+ 38. Kc2 Rcd8 39. Rhd3 Rxd3
40. Rxd3 Rc8+ 41. Rc3 Rb8 42. Kb2 Qh2 43. Qxa6 Qxf2+ 44. Ka3 Qd4 45. Rc8+ Rxc8
46. Qxc8+ Kg7 47. Qc4 Qxc4 48. bxc4 f4 49. c5 Kf6 50. Kb4 Ke6 51. a5 Kd7 52. a6
Kc6 53. Kc3 g5 54. Kd4 f3 55. Ke3 g4 56. Kf2 f5 57. Kg3 f4+ 58. Kf2 Kc7 59. Kg1
g3 60. Kf1 f2 61. Kg2 f3+ 62. Kf1 Kc6 63. a7 Kb7 64. c6+ Kxa7 65. c7 g2+ 0-1

[Event "SR 2. liga A 2010/2011"]
[Site "?"]
[Date "2011.01.08"]
[Round "29.3"]
[White "Jablonicky, Frantisek"]
[Black "Bury, Rastislav"]
[Result "1-0"]
[WhiteElo "2150"]
[BlackElo "2187"]
[PlyCount "103"]
[EventDate "2010.??.??"]
[WhiteTeam "Slovakia"]
[BlackTeam "Slovakia"]
[WhiteTeamCountry "SVK"]
[BlackTeamCountry "SVK"]

1. Nf3 Nf6 2. d4 d5 3. c4 e6 4. g3 c6 5. Nbd2 Be7 6. Bg2 O-O 7. O-O a6 8. Qc2
b5 9. b3 Bb7 10. e4 dxe4 11. Nxe4 Nbd7 12. Rd1 bxc4 13. bxc4 c5 14. Nxc5 Nxc5
15. dxc5 Qc8 16. Bb2 Qxc5 17. Ng5 Qxg5 18. Bxb7 Ra7 19. Bg2 Rc8 20. Bf1 Bc5 21.
Bd4 Ng4 22. Qe2 Rac7 23. Kg2 Nf6 24. Qe5 Qxe5 25. Bxe5 Rd7 26. Be2 Rcd8 27.
Rxd7 Rxd7 28. Rd1 Rxd1 29. Bxd1 Ne4 30. f3 Nd6 31. Be2 f6 32. Bc3 Kf7 33. g4 e5
34. Bd3 h6 35. Kf1 Ke6 36. h3 Nf7 37. Be4 Nd6 38. Bd5+ Kd7 39. Ke2 h5 40. gxh5
Nf5 41. Be1 Kc7 42. Kd3 Kb6 43. Bd2 Bd4 44. Be4 Nh6 45. Bg6 Kc5 46. Ba5 f5 47.
a3 Kd6 48. Bd2 Bc5 49. Bc1 Bd4 50. a4 Bc5 51. Bb2 Bb4 52. f4 1-0

[Event "SR 2. liga A 2010/2011"]
[Site "?"]
[Date "2011.01.08"]
[Round "29.4"]
[White "Polasek, Filip"]
[Black "Rachela, Jozef"]
[Result "1-0"]
[WhiteElo "2113"]
[BlackElo "2072"]
[PlyCount "85"]
[EventDate "2010.??.??"]
[WhiteTeam "Slovakia"]
[BlackTeam "Slovakia"]
[WhiteTeamCountry "SVK"]
[BlackTeamCountry "SVK"]

1. e4 e5 2. Nf3 Nc6 3. Nc3 Nf6 4. Bb5 d6 5. d4 exd4 6. Nxd4 Bd7 7. O-O Be7 8.
Nxc6 bxc6 9. Bd3 O-O 10. b3 Ng4 11. Be2 Bf6 12. Bb2 Ne5 13. f4 Ng6 14. e5 dxe5
15. Ne4 Be7 16. fxe5 Be6 17. Qe1 Qb8 18. Bd3 Qb4 19. Qg3 Bh4 20. Qf3 Rad8 21.
Qh5 Rfe8 22. Rad1 Be7 23. Kh1 Qa5 24. a4 Bd5 25. Ng5 Bxg5 26. Qxg5 Nf8 27. c4
Be6 28. Qh4 Rd7 29. Ba3 Qb6 30. Bxf8 Kxf8 31. Bc2 h6 32. Rxd7 Bxd7 33. Qe4 Be6
34. Qh7 Qe3 35. Qh8+ Ke7 36. Qxg7 Qg5 37. Qh7 Rg8 38. Be4 c5 39. Bc6 Rd8 40.
Qe4 Rd4 41. Qe2 Rd2 42. Qe1 h5 43. h4 1-0

[Event "SR 2. liga A 2010/2011"]
[Site "?"]
[Date "2011.01.08"]
[Round "29.6"]
[White "Jozefek, Michal"]
[Black "Merva, Frantisek"]
[Result "1-0"]
[WhiteElo "1899"]
[BlackElo "2038"]
[PlyCount "41"]
[EventDate "2010.??.??"]
[WhiteTeam "Slovakia"]
[BlackTeam "Slovakia"]
[WhiteTeamCountry "SVK"]
[BlackTeamCountry "SVK"]

1. d4 Nf6 2. c4 g6 3. Nc3 d5 4. cxd5 Nxd5 5. e4 Nxc3 6. bxc3 Bg7 7. Bc4 c5 8.
Ne2 Nc6 9. Be3 O-O 10. O-O cxd4 11. cxd4 Na5 12. Bd3 Be6 13. Qa4 f5 14. f3 fxe4
15. fxe4 Rxf1+ 16. Rxf1 Rc8 17. Rc1 Rxc1+ 18. Nxc1 Nc6 19. d5 Ne5 20. dxe6 Nxd3
21. Nxd3 1-0

[Event "SR 2. liga A 2010/2011"]
[Site "?"]
[Date "2011.01.08"]
[Round "29.7"]
[White "Obdrzalkova, Anita"]
[Black "Diviak, Rastislav"]
[Result "1/2-1/2"]
[WhiteElo "2014"]
[BlackElo "2014"]
[PlyCount "33"]
[EventDate "2010.??.??"]
[WhiteTeam "Slovakia"]
[BlackTeam "Slovakia"]
[WhiteTeamCountry "SVK"]
[BlackTeamCountry "SVK"]

1. d4 d5 2. Nf3 Nf6 3. e3 e6 4. c4 c6 5. Qc2 Bd6 6. Bd3 Nbd7 7. Nbd2 O-O 8. O-O
Re8 9. b3 e5 10. dxe5 Nxe5 11. Nxe5 Bxe5 12. Bb2 Bxb2 13. Qxb2 dxc4 14. Bxc4
Be6 15. Rad1 Qe7 16. Bxe6 Qxe6 17. Nf3 1/2-1/2

[Event "SR 2. liga A 2010/2011"]
[Site "?"]
[Date "2011.01.08"]
[Round "30.1"]
[White "Abel, Peter"]
[Black "Likavsky, Tomas"]
[Result "0-1"]
[WhiteElo "2172"]
[BlackElo "2459"]
[PlyCount "46"]
[EventDate "2010.??.??"]
[WhiteTeam "Slovakia"]
[BlackTeam "Slovakia"]
[WhiteTeamCountry "SVK"]
[BlackTeamCountry "SVK"]

1. d4 d5 2. Nf3 Nf6 3. b3 c5 4. e3 Nc6 5. Bb2 b6 6. a3 {Nb7 Nd3} g6 {0-0 Bg7}
7. Nbd2 {0-0 Re1} Nd7 8. c4 e6 9. Rc1 {Rc8 Bb1} Ne7 10. h3 Nf5 11. Bc3 Nd6 {Na2
} 12. Ne4 {Nb2} f5 13. Qe2 g5 14. Ne5 Nxe5 15. dxe5 Qc7 16. cxd5 exd5 17. f4
Bh6 {Nxe4 fxe4} 18. g3 gxf4 19. gxf4 {Kh8 Kh1} Rg8 20. Rg1 d4 21. b4 Rxg1 {
Rxg1 Qd7} 22. Qh5+ {Bg7 Kh2 cxb4 Bb3 bxa3 Bxd4 Rc7 e6 Qd8 Rxg7 Rxg7 Nxg7+ Kxg7}
Qf7 {kh6 Qd7} 23. Qh4 {Qd2} Qf6 {0} 0-1

[Event "SR 2. liga A 2010/2011"]
[Site "?"]
[Date "2011.01.08"]
[Round "30.2"]
[White "Arendas, Marek"]
[Black "Matulik, Daniel"]
[Result "1/2-1/2"]
[WhiteElo "2089"]
[BlackElo "2148"]
[PlyCount "23"]
[EventDate "2010.??.??"]
[WhiteTeam "Slovakia"]
[BlackTeam "Slovakia"]
[WhiteTeamCountry "SVK"]
[BlackTeamCountry "SVK"]

1. e4 c6 2. d4 d5 3. Nc3 dxe4 4. Nxe4 Bf5 5. Ng3 Bg6 6. Nf3 Nd7 7. Bd3 Bxd3 8.
Qxd3 e6 9. Bd2 Ngf6 10. O-O Be7 11. Rfe1 O-O 12. Rad1 1/2-1/2

[Event "SR 2. liga A 2010/2011"]
[Site "?"]
[Date "2011.01.08"]
[Round "30.3"]
[White "Benovic, Marek"]
[Black "Liptak, Dusan"]
[Result "0-1"]
[WhiteElo "1988"]
[BlackElo "2086"]
[PlyCount "84"]
[EventDate "2010.??.??"]
[WhiteTeam "Slovakia"]
[BlackTeam "Slovakia"]
[WhiteTeamCountry "SVK"]
[BlackTeamCountry "SVK"]

1. e4 e6 2. d4 d5 3. exd5 exd5 4. Nf3 Nf6 5. Bg5 Be7 6. Bd3 O-O 7. O-O Nbd7 8.
Re1 c5 9. c3 Re8 10. b3 cxd4 11. Nxd4 Nc5 12. Bc2 Nce4 13. Bh4 Bd7 14. Qd3 Qc7
15. f3 Nc5 16. Qd2 Nfe4 17. fxe4 Bxh4 18. g3 Bxg3 19. hxg3 Qxg3+ 20. Kh1 Re5
21. Re2 Nxe4 22. Bxe4 Rxe4 23. Rxe4 dxe4 24. Na3 Re8 25. Nc4 f5 26. Rf1 Rf8 27.
Ne2 Qh3+ 28. Kg1 Bc6 29. Nf4 Qg3+ 30. Qg2 Qxc3 31. Ne6 Re8 32. Ng5 b5 33. Nb2
e3 34. Qe2 Qf6 35. Nf3 f4 36. Nd3 g5 37. Nb4 Bxf3 38. Qxf3 e2 39. Qd5+ Kh8 40.
Re1 f3 41. Kf2 g4 42. Qh5 Rg8 0-1

[Event "SR 2. liga A 2010/2011"]
[Site "?"]
[Date "2011.01.08"]
[Round "30.4"]
[White "Hertel, Ondrej"]
[Black "Stepanovic, Branislav"]
[Result "1-0"]
[WhiteElo "2072"]
[BlackElo "2011"]
[PlyCount "89"]
[EventDate "2010.??.??"]
[WhiteTeam "Slovakia"]
[BlackTeam "Slovakia"]
[WhiteTeamCountry "SVK"]
[BlackTeamCountry "SVK"]

1. d4 Nf6 2. Nf3 e6 3. c4 d5 4. Nc3 Be7 5. Bg5 h6 6. Bh4 O-O 7. e3 Nbd7 8. Rc1
c6 9. Bd3 dxc4 10. Bxc4 Nd5 11. Bxe7 Qxe7 12. O-O Nxc3 13. Rxc3 e5 14. Qc2 e4
15. Nd2 Nf6 16. Rc1 Bf5 17. a3 Rad8 18. b4 a6 19. Qb2 Be6 20. a4 Bxc4 21. Rxc4
Rd5 22. Rc5 Rfd8 23. Nc4 Ne8 24. Nb6 Rg5 25. Rxg5 Qxg5 26. Rc5 Qg4 27. Qc2 Nf6
28. h3 Qh4 29. b5 cxb5 30. axb5 axb5 31. Rxb5 Ne8 32. Re5 Qf6 33. Qxe4 Nd6 34.
Qb1 Nc8 35. Nxc8 Rxc8 36. Rb5 g6 37. Rxb7 Kg7 38. Qb2 Rd8 39. Rb8 Rd7 40. Qb4
g5 41. Qf8+ Kg6 42. g4 Qc6 43. Qg8+ Kf6 44. Qh8+ Ke7 45. Re8+ 1-0

[Event "SR 2. liga A 2010/2011"]
[Site "?"]
[Date "2011.01.08"]
[Round "30.5"]
[White "Manak, Jozef"]
[Black "Sturdik, Igor"]
[Result "1/2-1/2"]
[WhiteElo "2032"]
[BlackElo "2071"]
[PlyCount "20"]
[EventDate "2010.??.??"]
[WhiteTeam "Slovakia"]
[BlackTeam "Slovakia"]
[WhiteTeamCountry "SVK"]
[BlackTeamCountry "SVK"]

1. e4 Nf6 2. Nc3 d5 3. exd5 Nxd5 4. Nxd5 Qxd5 5. Qf3 Be6 6. Bd3 Nc6 7. Be4 Qe5
8. Ne2 O-O-O 9. d3 Bd5 10. Bxd5 Qxd5 1/2-1/2

[Event "SR 2. liga A 2010/2011"]
[Site "?"]
[Date "2011.01.08"]
[Round "30.6"]
[White "Puchart, Vladimir"]
[Black "Gono, Michal"]
[Result "1-0"]
[WhiteElo "2064"]
[BlackElo "1951"]
[PlyCount "57"]
[EventDate "2010.??.??"]
[WhiteTeam "Slovakia"]
[BlackTeam "Slovakia"]
[WhiteTeamCountry "SVK"]
[BlackTeamCountry "SVK"]

1. d4 Nf6 2. c4 g6 3. Nc3 Bg7 4. e4 d6 5. f3 O-O 6. Be3 e5 7. Nge2 c6 8. Qd2 a6
9. O-O-O Qc7 10. h4 h5 11. Bh6 b5 12. Ng3 exd4 13. Bxg7 dxc3 14. Qh6 cxb2+ 15.
Kb1 Nh7 16. Bxb2 f6 17. Qxg6+ Qg7 18. Qxg7+ Kxg7 19. Nxh5+ Kh6 20. g4 Be6 21.
Rxd6 Bxc4 22. Bxc4 bxc4 23. Nxf6 Nxf6 24. Bxf6 Kh7 25. h5 Ra7 26. Rhd1 c3 27.
Kc2 a5 28. g5 Na6 29. Rd7+ 1-0

[Event "SR 2. liga A 2010/2011"]
[Site "?"]
[Date "2011.01.08"]
[Round "30.7"]
[White "Mihalik, Anton"]
[Black "Mosny, Jaroslav"]
[Result "1-0"]
[WhiteElo "1919"]
[BlackElo "1982"]
[PlyCount "53"]
[EventDate "2010.??.??"]
[WhiteTeam "Slovakia"]
[BlackTeam "Slovakia"]
[WhiteTeamCountry "SVK"]
[BlackTeamCountry "SVK"]

1. c4 Nf6 2. Nc3 e5 3. Nf3 Nc6 4. g3 Be7 5. Bg2 O-O 6. O-O d6 7. d4 exd4 8.
Nxd4 Nxd4 9. Qxd4 c6 10. e4 Nd7 11. Bf4 Nc5 12. Qd2 Be6 13. b3 Qc7 14. Rfd1 Qb6
15. Bxd6 Rfd8 (15... Bxd6 16. Qxd6 Rad8 17. Qf4 Nd3 18. Qe3 Qxe3 19. fxe3 Bg4
20. Rd2 Nb4 21. Rxd8 Rxd8 $13) 16. e5 Bg4 17. Re1 h6 18. Ne4 Nxe4 19. Bxe4 Rd7
(19... Bxd6 20. exd6 Qc5 21. Qf4 f5 22. Bg2 Rxd6 23. b4 Qxb4 24. h3 Bh5 25.
Rab1 Qc5 26. Re5 g5 27. Qxg5+ hxg5 28. Rxc5 $16) 20. Qf4 Be6 21. Rad1 Bg5 22.
Qf3 Rad8 23. Qc3 c5 24. f4 Be7 25. f5 Bxd6 26. exd6 Rxd6 27. Rxd6 1-0

[Event "SR 2. liga A 2010/2011"]
[Site "?"]
[Date "2011.01.08"]
[Round "30.8"]
[White "Halas, Miroslav"]
[Black "Bincik, Pavol"]
[Result "1-0"]
[WhiteElo "1935"]
[BlackElo "1909"]
[PlyCount "165"]
[EventDate "2010.??.??"]
[WhiteTeam "Slovakia"]
[BlackTeam "Slovakia"]
[WhiteTeamCountry "SVK"]
[BlackTeamCountry "SVK"]

1. e4 c6 2. d4 d5 3. exd5 cxd5 4. c4 Nf6 5. Nc3 Nc6 6. Bg5 e6 7. Nf3 Be7 8. c5
O-O 9. Bb5 Qc7 10. O-O Bd7 11. Bxc6 Bxc6 12. Ne5 Ne4 13. Bxe7 Nxc3 14. bxc3
Qxe7 15. f4 Qc7 16. Qg4 b6 17. cxb6 axb6 18. Rf3 f5 19. Qh4 Be8 20. Rh3 g6 21.
Nf3 Ra7 22. Ng5 Qd7 23. Qe1 h5 24. Re3 Bf7 25. Nxe6 Rc8 26. Ng5 Kg7 27. Rb1 b5
28. Rb2 Re8 29. Rxe8 Qxe8 30. Re2 Qd7 31. Qb1 Ra3 32. Qb4 Ra7 33. Re5 Rc7 34.
Qa3 Ra7 35. Qb3 Bg8 36. Re2 Qc6 37. Qb4 Qd7 38. Rb2 Rc7 39. Qa5 Rb7 40. Qb4 Rc7
41. Qxb5 Qxb5 42. Rxb5 Rxc3 43. Rb2 Ra3 44. Kf2 Ra6 45. Ke3 Be6 46. Rb7+ Kf8
47. a4 Ke8 48. Nxe6 Rxe6+ 49. Kd3 Ra6 50. Rb4 Kd7 51. Kc3 Kc6 52. Kb3 Ra8 53.
Rb5 Re8 54. Rc5+ Kd6 55. a5 Re1 56. Rc2 Rb1+ 57. Rb2 Rd1 58. a6 Ra1 59. Ra2
Rb1+ 60. Kc2 Rb8 61. a7 Ra8 62. Ra6+ Kc7 63. Kb3 Kb7 64. Ra5 h4 65. Kb4 Kb6 66.
g3 h3 67. Ra3 Kc6 68. Ra6+ Kb7 69. Rxg6 Kxa7 70. Kc5 Rd8 71. Rd6 Re8 72. Kxd5
Re2 73. Rh6 Rxh2 74. Ke5 Re2+ 75. Kxf5 h2 76. g4 Kb7 77. g5 Kc7 78. g6 Kd7 79.
g7 Rg2 80. Kf6 Rg4 81. f5 Rxd4 82. g8=Q Rd6+ 83. Qe6+ 1-0

[Event "SR 2. liga A 2010/2011"]
[Site "?"]
[Date "2011.02.05"]
[Round "31.1"]
[White "Tibensky, Robert"]
[Black "Petreje, Juraj"]
[Result "1-0"]
[WhiteElo "2401"]
[BlackElo "2228"]
[PlyCount "47"]
[EventDate "2010.??.??"]
[WhiteTeam "Slovakia"]
[BlackTeam "Slovakia"]
[WhiteTeamCountry "SVK"]
[BlackTeamCountry "SVK"]

1. d4 Nf6 2. c4 g6 3. Nf3 Bg7 4. g3 c5 5. Bg2 Qa5+ 6. Nbd2 Ne4 7. b4 Qxb4 8.
Rb1 Qa5 9. Rb5 Qc3 10. Bb2 cxd4 11. Bxc3 Nxc3 12. Qa1 Nxb5 13. cxb5 e5 14. Nc4
d5 15. Ncxe5 O-O 16. O-O a6 17. Qxd4 axb5 18. Qxd5 Be6 19. Qxb7 Rxa2 20. Qxb5
Na6 21. Nc6 Nc7 22. Qb7 Nd5 23. Nfd4 Bc8 24. Qb3 1-0

[Event "SR 2. liga A 2010/2011"]
[Site "?"]
[Date "2011.02.05"]
[Round "31.2"]
[White "Bronis, Marian"]
[Black "Klemanic, Emil"]
[Result "1-0"]
[WhiteElo "2136"]
[BlackElo "2257"]
[PlyCount "53"]
[EventDate "2010.??.??"]
[WhiteTeam "Slovakia"]
[BlackTeam "Slovakia"]
[WhiteTeamCountry "SVK"]
[BlackTeamCountry "SVK"]

1. d4 Nf6 2. c4 g6 3. Nc3 Bg7 4. e4 d6 5. Be3 O-O 6. f3 b6 7. Bd3 a6 8. Nge2 c5
9. O-O Nc6 10. Qd2 Ng4 11. Bg5 cxd4 12. Nd5 Ne3 13. Rfc1 Bb7 14. Nxd4 Bxd4 15.
Nxe3 Qd7 16. Kh1 f5 17. exf5 gxf5 18. f4 e6 19. Bf1 Qg7 20. Rc2 Rae8 21. Rd1 a5
22. a3 Bc5 23. Rc3 a4 24. Nc2 Kh8 25. Bh4 Qg4 26. Bg5 e5 27. Be2 1-0

[Event "SR 2. liga A 2010/2011"]
[Site "?"]
[Date "2011.02.05"]
[Round "31.3"]
[White "Janos, Ivan"]
[Black "Biro, Karol"]
[Result "0-1"]
[WhiteElo "2163"]
[BlackElo "2132"]
[PlyCount "62"]
[EventDate "2010.??.??"]
[WhiteTeam "Slovakia"]
[BlackTeam "Slovakia"]
[WhiteTeamCountry "SVK"]
[BlackTeamCountry "SVK"]

1. e4 e6 2. d4 d5 3. Nc3 Nf6 4. e5 Nfd7 5. f4 c5 6. Nf3 Nc6 7. Be3 a6 8. Qd2
cxd4 9. Nxd4 Nxd4 10. Bxd4 Qc7 11. O-O-O Bc5 12. h4 Bxd4 13. Qxd4 O-O 14. h5 f6
15. h6 fxe5 16. Nxd5 exd5 17. Qxd5+ Rf7 18. hxg7 Nb6 19. Qb3 Bf5 20. Rh6 Rc8
21. Bd3 Bxd3 22. Qxd3 Rxg7 23. Rd6 exf4 24. b3 Rxg2 25. c4 Rg7 26. Qf5 Re8 27.
Qa5 Nc8 28. Qd5+ Qf7 29. Rd8 Qxd5 30. R1xd5 Kf8 31. Rf5+ Rf7 0-1